[Event "Klatovy op-C 29th"]
[Site "Klatovy"]
[Date "2023.07.02"]
[Round "2"]
[White "Baumruk, Josef"]
[Black "Zednik, Zdenek"]
[Result "1/2-1/2"]
[WhiteElo "1947"]
[BlackElo "1836"]
[PlyCount "111"]
[EventDate "2023.07.01"]
[EventType "swiss"]
[EventRounds "9"]
[EventCountry "CZE"]
[SourceTitle "CBM 215 Extra"]
[Source "ChessBase"]
[SourceDate "2023.09.30"]
[SourceVersion "1"]
[SourceVersionDate "2023.09.30"]
[SourceQuality "1"]

1. e4 c5 2. g3 Nc6 3. Bg2 Nf6 4. Ne2 g6 5. 0-0 Bg7 6. c3 d5 7. d3 d4 8. cxd4 cxd4 9. h3 0-0 10. b3 e5 11. Kh2 b6 12. Ba3 Re8 13. b4 Bb7 14. Nd2 Rc8 15. b5 Na5 16. Bb4 a6 17. a4 Nd7 18. Bxa5 bxa5 19. Nc4 Bf8 20. f4 Bb4 21. Rb1 exf4 22. Rxf4 Ne5 23. Nxe5 Rxe5 24. Qb3 Rc7 25. Rc1 Ree7 26. Rxc7 Rxc7 27. bxa6 Bxa6 28. e5 Qe8 29. Rxd4 Qxe5 30. Re4 Qf6 31. Nf4 Rc3 32. Qb2 Rc6 33. Re8+ Kg7 34. Qe2 Rc8 35. Rxc8 Bxc8 36. Nd5 Qd4 37. Qc2 Bc5 38. Qc3 Bd7 39. Qxd4+ Bxd4 40. Nf4 Bxa4 41. Bd5 Bc2 42. Kg2 a4 43. Kf3 Bb3 44. Ke4 Bc5 45. d4 Bb4 46. Bxb3 axb3 47. Kd3 f5 48. Nd5 Ba5 49. Nc3 g5 50. Na4 Bc7 51. g4 f4 52. Nc5 f3 53. Nxb3 Bf4 54. Nd2 f2 55. Nf1 Kf6 56. Ke2 1/2-1/2

[Event "Pilsen Region-chT 2223"]
[Site "Czech Republic"]
[Date "2023.04.02"]
[Round "11.5"]
[White "Furbacher, Milan"]
[Black "Zednik, Zdenek"]
[Result "1-0"]
[WhiteElo "1685"]
[BlackElo "1854"]
[PlyCount "69"]
[EventDate "2022.10.09"]
[EventType "team-tourn"]
[EventRounds "11"]
[EventCountry "CZE"]
[SourceTitle "EXT 2024"]
[Source "ChessBase"]
[SourceDate "2023.10.10"]
[SourceVersion "1"]
[SourceVersionDate "2023.10.10"]
[SourceQuality "1"]
[WhiteTeam "Klatovy II"]
[BlackTeam "Domazlice"]
[WhiteTeamCountry "CZE"]
[BlackTeamCountry "CZE"]

1. e4 c5 2. Nf3 d6 3. Bb5+ Bd7 4. Bxd7+ Nxd7 5. c4 Ngf6 6. Nc3 g6 7. d4 cxd4 8. Nxd4 Bg7 9. Be3 0-0 10. Rc1 Qa5 11. 0-0 Rfc8 12. b3 a6 13. Qd2 Ng4 14. f4 Ndf6 15. Rf3 Nxe3 16. Qxe3 Ng4 17. Qd3 Qc5 18. Rd1 e5 19. Nd5 Kf8 20. b4 Qa7 21. c5 dxc5 22. Ne6+ fxe6 23. fxe5+ Ke8 24. Nf6+ Nxf6 25. Qd6 Rc6 26. Qd2 c4+ 27. Kh1 c3 28. Rxc3 Rxc3 29. exf6 Bxf6 30. Qd7+ Kf8 31. Rf1 b5 32. Rxf6+ Kg8 33. Qxe6+ Kh8 34. Qe5 Qg7 35. Qxc3 1-0

[Event "Pilsen Region-chT 2223"]
[Site "Czech Republic"]
[Date "2023.03.19"]
[Round "10.6"]
[White "Danek, Vaclav"]
[Black "Zednik, Zdenek"]
[Result "1/2-1/2"]
[WhiteElo "1843"]
[BlackElo "1854"]
[PlyCount "65"]
[EventDate "2022.10.09"]
[EventType "team-tourn"]
[EventRounds "11"]
[EventCountry "CZE"]
[SourceTitle "EXT 2024"]
[Source "ChessBase"]
[SourceDate "2023.10.10"]
[SourceVersion "1"]
[SourceVersionDate "2023.10.10"]
[SourceQuality "1"]
[WhiteTeam "Loko"]
[BlackTeam "Domazlice"]
[WhiteTeamCountry "CZE"]
[BlackTeamCountry "CZE"]

1. e4 c5 2. Nc3 d6 3. g3 Nc6 4. Bg2 Nf6 5. d3 g6 6. Be3 Bg7 7. Qd2 Ng4 8. Nge2 Nxe3 9. fxe3 Bd7 10. 0-0 Qc8 11. Rf2 h5 12. Raf1 f6 13. Nf4 g5 14. Nfd5 Nb4 15. Nxb4 cxb4 16. Nd5 h4 17. Qxb4 hxg3 18. hxg3 Bh3 19. Qc4 Qxc4 20. dxc4 Rc8 21. b3 Be6 22. Nc3 b6 23. Ne2 Bd7 24. Nd4 e6 25. Nb5 Bxb5 26. cxb5 Rc3 27. Re2 Ke7 28. Rd1 Rhc8 29. Rdd2 g4 30. e5 d5 31. exf6+ Bxf6 32. e4 Bg5 33. Rd3 1/2-1/2

[Event "Pilsen Region-chT 2223"]
[Site "Czech Republic"]
[Date "2022.12.11"]
[Round "5.4"]
[White "Zednik, Zdenek"]
[Black "Reischig, Tomas"]
[Result "1/2-1/2"]
[WhiteElo "1854"]
[BlackElo "2029"]
[PlyCount "25"]
[EventDate "2022.10.09"]
[EventType "team-tourn"]
[EventRounds "11"]
[EventCountry "CZE"]
[SourceTitle "EXT 2024"]
[Source "ChessBase"]
[SourceDate "2023.10.10"]
[SourceVersion "1"]
[SourceVersionDate "2023.10.10"]
[SourceQuality "1"]
[WhiteTeam "Domazlice"]
[BlackTeam "HerNyr"]
[WhiteTeamCountry "CZE"]
[BlackTeamCountry "CZE"]

1. c4 Nf6 2. Nc3 e6 3. Nf3 Bb4 4. g3 0-0 5. Bg2 d5 6. cxd5 exd5 7. d4 c6 8. 0-0 Bf5 9. Bg5 h6 10. Bxf6 Qxf6 11. e3 Nd7 12. Qb3 Bxc3 13. Qxc3 1/2-1/2

[Event "Pilsen Region-chT 2223"]
[Site "Czech Republic"]
[Date "2022.10.09"]
[Round "1.5"]
[White "Zednik, Zdenek"]
[Black "Malecek, Jiri"]
[Result "0-1"]
[WhiteElo "1854"]
[BlackElo "1838"]
[PlyCount "74"]
[EventDate "2022.10.09"]
[EventType "team-tourn"]
[EventRounds "11"]
[EventCountry "CZE"]
[SourceTitle "EXT 2024"]
[Source "ChessBase"]
[SourceDate "2023.10.10"]
[SourceVersion "1"]
[SourceVersionDate "2023.10.10"]
[SourceQuality "1"]
[WhiteTeam "Domazlice"]
[BlackTeam "Kozolupy Sakal"]
[WhiteTeamCountry "CZE"]
[BlackTeamCountry "CZE"]

1. c4 g6 2. Nf3 Bg7 3. g3 e5 4. d3 d6 5. Bg2 Ne7 6. Nc3 0-0 7. h4 Bg4 8. Qb3 Nbc6 9. Qxb7 Rb8 10. Qa6 Bxf3 11. Bxf3 Nd4 12. Qa4 Nxf3+ 13. exf3 Nf5 14. Ne2 Re8 15. Rb1 Nd4 16. Nxd4 exd4+ 17. Kf1 Qf6 18. Kg2 Qf5 19. Qc2 Qd7 20. Bf4 h5 21. Rhe1 Be5 22. Bxe5 dxe5 23. b4 Qd6 24. c5 Qd5 25. Qb3 Qd7 26. Qc4 Re6 27. b5 Kg7 28. a4 Qe7 29. a5 Rd8 30. Re2 f5 31. b6 cxb6 32. axb6 Rc6 33. b7 Rxc5 34. Qb4 Rb8 35. Rc2 Rc7 36. Qxe7+ Rxe7 37. Rc8 Rbxb7 0-1

[Event "Nepomuk-B"]
[Site "Nepomuk"]
[Date "2022.09.04"]
[Round "2"]
[White "Flajsman, Petr"]
[Black "Zednik, Zdenek"]
[Result "1/2-1/2"]
[WhiteElo "1841"]
[BlackElo "1854"]
[PlyCount "21"]
[EventDate "2022.09.03"]
[EventType "tourn"]
[EventRounds "7"]
[EventCountry "CZE"]
[SourceTitle "EXT 2023"]
[Source "ChessBase"]
[SourceDate "2022.10.05"]
[SourceVersion "1"]
[SourceVersionDate "2022.10.05"]
[SourceQuality "1"]

1. e4 c5 2. Nc3 d6 3. g3 Nc6 4. Bg2 g6 5. Nge2 Bg7 6. 0-0 e6 7. d3 Nge7 8. Qe1 0-0 9. Be3 Rb8 10. f4 b5 11. Nd1 1/2-1/2

[Event "Klatovy op-B 24th"]
[Site "Klatovy"]
[Date "2018.07.08"]
[Round "9"]
[White "Zednik, Zdenek"]
[Black "Simunek, Jakub Simon"]
[Result "0-1"]
[WhiteElo "1913"]
[BlackElo "1578"]
[PlyCount "82"]
[EventDate "2018.06.30"]
[EventType "swiss"]
[EventRounds "9"]
[EventCountry "CZE"]
[SourceTitle "EXT 2019"]
[Source "ChessBase"]
[SourceDate "2018.10.10"]
[SourceVersion "1"]
[SourceVersionDate "2018.10.10"]
[SourceQuality "1"]

1. b4 e6 2. Bb2 Nf6 3. a3 Be7 4. Nf3 d5 5. e3 0-0 6. Be2 c5 7. b5 b6 8. c4 dxc4 9. Bxc4 Bb7 10. 0-0 Nbd7 11. Nc3 Bd6 12. Qe2 Qc7 13. e4 Ne5 14. Nxe5 Bxe5 15. d3 Bxh2+ 16. Kh1 Be5 17. g3 h5 18. Kg2 g6 19. Nd1 Kg7 20. Ne3 Rh8 21. f4 Bxb2 22. Qxb2 Rh7 23. Rf2 Rah8 24. Raf1 Qd8 25. Kg1 Kf8 26. f5 gxf5 27. Nxf5 Ng4 28. Nd6 Qxd6 29. Rxf7+ Ke8 30. R1f4 Qd4+ 31. Qxd4 cxd4 32. Bxe6 Ne5 33. R7f5 Nxd3 34. Bf7+ Kd8 35. Rf1 Bxe4 36. Rf6 Rg7 37. Rd6+ Kc7 38. Rxd4 Rxg3+ 39. Kh2 Rg2+ 40. Kh3 Nf2+ 41. Rxf2 Rxf2 0-1

[Event "Klatovy op-B 24th"]
[Site "Klatovy"]
[Date "2018.07.04"]
[Round "5"]
[White "Zednik, Zdenek"]
[Black "Macho, Miloslav"]
[Result "1/2-1/2"]
[WhiteElo "1913"]
[BlackElo "1710"]
[PlyCount "42"]
[EventDate "2018.06.30"]
[EventType "swiss"]
[EventRounds "9"]
[EventCountry "CZE"]
[SourceTitle "CBM 185 Extra"]
[Source "ChessBase"]
[SourceDate "2018.07.29"]
[SourceVersion "1"]
[SourceVersionDate "2018.07.29"]
[SourceQuality "1"]

1. d4 d5 2. c4 Nc6 3. Nf3 Bg4 4. e3 e5 5. dxe5 dxc4 6. Qxd8+ Rxd8 7. Bxc4 Bxf3 8. gxf3 Nxe5 9. Be2 Nd3+ 10. Bxd3 Rxd3 11. Ke2 Rd7 12. Nc3 Nf6 13. e4 Bb4 14. Bg5 Bxc3 15. bxc3 Nh5 16. Rad1 h6 17. Be3 b6 18. Rhg1 Rxd1 19. Rxd1 c5 20. a4 Ke7 21. a5 Rd8 1/2-1/2

[Event "Klatovy op-B 24th"]
[Site "Klatovy"]
[Date "2018.07.01"]
[Round "2"]
[White "Vavrinkova, Jitka"]
[Black "Zednik, Zdenek"]
[Result "0-1"]
[WhiteElo "1637"]
[BlackElo "1913"]
[PlyCount "60"]
[EventDate "2018.06.30"]
[EventType "swiss"]
[EventRounds "9"]
[EventCountry "CZE"]
[SourceTitle "CBM 185 Extra"]
[Source "ChessBase"]
[SourceDate "2018.07.29"]
[SourceVersion "1"]
[SourceVersionDate "2018.07.29"]
[SourceQuality "1"]

1. e4 c5 2. c3 b6 3. d4 Bb7 4. d5 Nf6 5. Bd3 d6 6. Nf3 g6 7. 0-0 Bg7 8. c4 0-0 9. Nc3 Nbd7 10. Re1 Ne5 11. Nh4 e6 12. Nf3 Nxd3 13. Qxd3 e5 14. h3 Ba6 15. a4 Nh5 16. Ne2 f5 17. Ng5 Bc8 18. Ra2 h6 19. Nf3 Kh7 20. Ng3 Nxg3 21. fxg3 fxe4 22. Qxe4 Bf5 23. Qh4 Qxh4 24. Nxh4 Bd3 25. b3 e4 26. g4 Be5 27. Be3 Bg3 28. Bf2 Rxf2 29. Rxf2 Bxh4 30. Rf7+ Kg8 0-1

[Event "Klatovy op-B 23rd"]
[Site "Klatovy"]
[Date "2017.07.09"]
[Round "9"]
[White "Soukup, Jiri"]
[Black "Zednik, Zdenek"]
[Result "1/2-1/2"]
[WhiteElo "1640"]
[BlackElo "1950"]
[PlyCount "62"]
[EventDate "2017.07.01"]
[EventType "swiss"]
[EventRounds "9"]
[EventCountry "CZE"]
[SourceTitle "EXT 2018"]
[Source "ChessBase"]
[SourceDate "2017.10.13"]
[SourceVersion "1"]
[SourceVersionDate "2017.10.13"]
[SourceQuality "1"]

1. e4 c5 2. Nf3 d6 3. d4 cxd4 4. Nxd4 Nf6 5. Nc3 a6 6. Be3 e6 7. Be2 Be7 8. 0-0 0-0 9. Kh1 b5 10. a3 Bb7 11. Bd3 Nbd7 12. f3 d5 13. exd5 Nxd5 14. Qd2 Nxe3 15. Qxe3 Bf6 16. Ne4 Ne5 17. Nxf6+ Qxf6 18. c3 Bd5 19. Bc2 g6 20. b3 Rfc8 21. Rac1 Nc6 22. Rfd1 Nxd4 23. Rxd4 Rc6 24. c4 bxc4 25. bxc4 Rxc4 26. Rxc4 Bxc4 27. Bxg6 hxg6 28. Rxc4 Qa1+ 29. Rc1 Qb2 30. Qc3 Rb8 31. Kg1 Qxc3 1/2-1/2

[Event "Klatovy op-B 23rd"]
[Site "Klatovy"]
[Date "2017.07.08"]
[Round "8"]
[White "Zednik, Zdenek"]
[Black "Masek, Jan"]
[Result "0-1"]
[WhiteElo "1950"]
[BlackElo "1915"]
[PlyCount "80"]
[EventDate "2017.07.01"]
[EventType "swiss"]
[EventRounds "9"]
[EventCountry "CZE"]
[SourceTitle "EXT 2018"]
[Source "ChessBase"]
[SourceDate "2017.10.13"]
[SourceVersion "1"]
[SourceVersionDate "2017.10.13"]
[SourceQuality "1"]

1. Nf3 Nf6 2. c4 d6 3. d4 g6 4. Nc3 Bg7 5. e4 Nbd7 6. e5 Ng8 7. Bf4 Nf8 8. Be2 c6 9. 0-0 dxe5 10. Bxe5 Bxe5 11. Nxe5 Nd7 12. Nf3 Ngf6 13. Qd2 0-0 14. Rad1 Qa5 15. Rfe1 Kg7 16. h3 Nb6 17. Ne5 Be6 18. a3 Nbd7 19. b4 Qxa3 20. Nxd7 Bxd7 21. Nb5 cxb5 22. Ra1 Ne4 23. Qf4 Qxb4 24. Qxe4 bxc4 25. Reb1 Qd6 26. Qxb7 Bc6 27. Qxe7 Qxd4 28. Rxa7 Rae8 29. Qc7 Rxe2 30. Qxc6 Qxf2+ 31. Kh1 Re1+ 32. Rxe1 Qxe1+ 33. Kh2 Qe5+ 34. Kh1 Rb8 35. Rb7 Rxb7 36. Qxb7 Qd4 37. Qc7 c3 38. Kh2 h5 39. Qc6 Qf4+ 40. Kg1 Qd2 0-1

[Event "Klatovy op-B 23rd"]
[Site "Klatovy"]
[Date "2017.07.04"]
[Round "4"]
[White "Zednik, Zdenek"]
[Black "Cyron, Karel"]
[Result "1/2-1/2"]
[WhiteElo "1950"]
[BlackElo "1774"]
[PlyCount "110"]
[EventDate "2017.07.01"]
[EventType "swiss"]
[EventRounds "9"]
[EventCountry "CZE"]
[SourceTitle "EXT 2018"]
[Source "ChessBase"]
[SourceDate "2017.10.13"]
[SourceVersion "1"]
[SourceVersionDate "2017.10.13"]
[SourceQuality "1"]

1. e4 Nf6 2. e5 Nd5 3. d4 d6 4. c4 Nb6 5. exd6 cxd6 6. Bd3 g6 7. Ne2 Bg7 8. Nbc3 0-0 9. 0-0 Nc6 10. Be3 e5 11. d5 Ne7 12. Ng3 f5 13. f4 e4 14. Be2 Nd7 15. Bd4 Nf6 16. Re1 Re8 17. Nf1 b6 18. Ne3 Bb7 19. g4 fxg4 20. Bxg4 Nxg4 21. Nxg4 Nf5 22. Bxg7 Kxg7 23. Re2 h5 24. Ne3 Qf6 25. Ng2 Ba6 26. Rxe4 Rxe4 27. Nxe4 Qxb2 28. Rc1 Qxg2+ 29. Kxg2 Ne3+ 30. Kf3 Nxd1 31. Rxd1 Bxc4 32. Nxd6 Bxa2 33. Nb7 Bb3 34. Rd4 Kf6 35. d6 Be6 36. d7 Bxd7 37. Rxd7 Rc8 38. Rd6+ Kf5 39. Rd5+ Kf6 40. Rd3 Rc4 41. Nd6 Ra4 42. Ne4+ Ke7 43. Nc3 Rc4 44. Nd5+ Ke6 45. Ne3 Ra4 46. Nd5 Rc4 47. Ne3 Ra4 48. Rc3 Ra2 49. h4 Ra4 50. Rc6+ Kf7 51. Nc4 Kg7 52. Ne5 Ra3+ 53. Ke4 Ra4+ 54. Ke3 Ra3+ 55. Ke4 Ra4+ 1/2-1/2

[Event "CZE-chT2A 1617"]
[Site "Czech Republic"]
[Date "2016.11.27"]
[Round "4.7"]
[White "Blecha, Miroslav"]
[Black "Zednik, Zdenek"]
[Result "1-0"]
[WhiteElo "2178"]
[BlackElo "1950"]
[PlyCount "153"]
[EventDate "2016.10.09"]
[EventType "team-tourn"]
[EventRounds "11"]
[EventCountry "CZE"]
[SourceTitle "EXT 2022"]
[Source "ChessBase"]
[SourceDate "2021.10.06"]
[SourceVersion "1"]
[SourceVersionDate "2021.10.06"]
[SourceQuality "1"]
[WhiteTeam "Kozolupy"]
[BlackTeam "Domazlice"]
[WhiteTeamCountry "CZE"]
[BlackTeamCountry "CZE"]

1. e4 c5 2. Nf3 d6 3. d4 cxd4 4. Nxd4 Nf6 5. Nc3 Nc6 6. Bg5 Bd7 7. Be2 Rc8 8. 0-0 e6 9. Ndb5 Qe7 10. e5 Nxe5 11. Nxa7 Rd8 12. Re1 h6 13. Bh4 Bc6 14. Bb5 Qc7 15. Qd4 Be7 16. Bg3 0-0 17. Bxe5 dxe5 18. Qc4 Rd4 19. Qe2 Bc5 20. Nxc6 bxc6 21. Qxe5 Qxe5 22. Rxe5 Bd6 23. Re2 cxb5 24. Nxb5 Rd5 25. c4 Rd3 26. Nxd6 Rxd6 27. c5 Rc6 28. b4 Nd5 29. a3 Ra8 30. Rea2 Kf8 31. Kf1 Ke7 32. Ke1 Kd7 33. Kd2 Kc7 34. Kd3 Rca6 35. Kc4 Ra4 36. Kb3 Kc6 37. g3 Kb5 38. f4 g6 39. Kb2 Ne3 40. Kb3 Rd8 41. Kc3 Nc4 42. g4 Ne3 43. f5 exf5 44. gxf5 Nxf5 45. Re1 Rda8 46. Kb2 h5 47. Re5 Rd8 48. Kc3 Rd1 49. Re8 Rc1+ 50. Kd2 Rg1 51. Rb8+ Kc6 52. Kc3 Rf1 53. Kb3 Ra7 54. Rb6+ Kd5 55. Rd2+ Nd4+ 56. Kb2 Ke5 57. Rd6 Rf4 58. Rd8 Nb5 59. R8d3 g5 60. c6 Rc4 61. Rd5+ Kf6 62. Rxb5 Rxc6 63. Kb3 Re6 64. Rbd5 Re3+ 65. R5d3 Rxd3+ 66. Rxd3 g4 67. b5 Kg5 68. a4 f5 69. b6 Rb7 70. a5 f4 71. Kc4 f3 72. Kc5 f2 73. Rd1 h4 74. a6 g3 75. axb7 g2 76. b8Q g1Q 77. Qg8+ 1-0

[Event "Klatovy op-B"]
[Site "Klatovy"]
[Date "2013.07.05"]
[Round "7"]
[White "Eret, Miloslav"]
[Black "Zednik, Zdenek"]
[Result "1/2-1/2"]
[WhiteElo "1725"]
[BlackElo "1900"]
[PlyCount "91"]
[EventDate "2013.06.29"]
[EventType "swiss"]
[EventRounds "9"]
[EventCountry "CZE"]
[SourceTitle "EXT 2014"]
[Source "ChessBase"]
[SourceDate "2013.11.20"]
[SourceVersion "1"]
[SourceVersionDate "2013.11.20"]
[SourceQuality "1"]

1. e4 c5 2. Nc3 Nc6 3. f4 e6 4. Nf3 d5 5. exd5 exd5 6. Bb5 Nf6 7. 0-0 Be7 8. Ne5 Bd7 9. Qf3 0-0 10. Bxc6 Bxc6 11. Nxc6 bxc6 12. d3 Rb8 13. Ne2 Bd6 14. Ng3 Qd7 15. f5 Rfe8 16. Bg5 Be5 17. Rae1 Bxb2 18. Be3 Bd4 19. Bxd4 cxd4 20. Qf4 c5 21. Rb1 Rbc8 22. h4 Qc7 23. Qxc7 Rxc7 24. Rfe1 Kf8 25. Re2 Rxe2 26. Nxe2 Ng4 27. Nf4 Ne3 28. Kf2 Ke7 29. c3 Kd6 30. f6 g6 31. Kf3 Nf5 32. cxd4 Nxd4+ 33. Kf2 Ke5 34. g3 h5 35. Re1+ Kd6 36. Re8 Ne6 37. Nxe6 fxe6 38. Rg8 Rf7 39. Rxg6 c4 40. dxc4 dxc4 41. Ke3 e5 42. Rh6 Kd5 43. Rxh5 Rxf6 44. Rh8 Rc6 45. Rd8+ Ke6 46. Rd2 1/2-1/2

[Event "Klatovy op-B"]
[Site "Klatovy"]
[Date "2005.??.??"]
[Round "5"]
[White "Rozumberska, Jitka"]
[Black "Zednik, Zdenek"]
[Result "1-0"]
[WhiteElo "1860"]
[BlackElo "1800"]
[PlyCount "57"]
[EventDate "2005.07.02"]
[EventType "swiss"]
[EventRounds "9"]
[EventCountry "CZE"]
[SourceTitle "EXT 2006"]
[Source "ChessBase"]
[SourceDate "2005.11.24"]
[SourceVersion "1"]
[SourceVersionDate "2005.11.24"]
[SourceQuality "1"]

1. e4 g6 2. d4 Bg7 3. Nc3 d6 4. f4 Nf6 5. Nf3 0-0 6. Bd3 b6 7. Qe2 Bb7 8. h3 c5 9. Be3 Nc6 10. 0-0-0 Nh5 11. Qf2 cxd4 12. Nxd4 Nxd4 13. Bxd4 Nxf4 14. Bc4 Qc7 15. Bxg7 Kxg7 16. Bb3 Nh5 17. g4 Nf6 18. g5 Nd7 19. Rhf1 Qc5 20. Qh4 Qe5 21. Rf4 Nc5 22. Nd5 Nxb3+ 23. axb3 f6 24. Qh6+ Kg8 25. gxf6 exf6 26. Rg1 Rf7 27. Rfg4 Rg7 28. Nf4 Bxe4 29. Nh5 1-0

[Event "Klatovy op-B"]
[Site "Klatovy"]
[Date "2005.??.??"]
[Round "9"]
[White "Zednik, Zdenek"]
[Black "Jina, Lubos"]
[Result "1/2-1/2"]
[WhiteElo "1800"]
[BlackElo "1895"]
[PlyCount "77"]
[EventDate "2005.07.02"]
[EventType "swiss"]
[EventRounds "9"]
[EventCountry "CZE"]
[SourceTitle "EXT 2006"]
[Source "ChessBase"]
[SourceDate "2005.11.24"]
[SourceVersion "1"]
[SourceVersionDate "2005.11.24"]
[SourceQuality "1"]

1. e4 c5 2. Nc3 e6 3. g3 Nc6 4. Bg2 Nf6 5. f4 d6 6. Nf3 Be7 7. 0-0 0-0 8. b3 a6 9. Bb2 Qc7 10. Qe2 b5 11. e5 dxe5 12. Nxe5 Bb7 13. Ne4 Rad8 14. Nxc6 Bxc6 15. Nxf6+ Bxf6 16. Bxf6 gxf6 17. d3 Bxg2 18. Kxg2 Kh8 19. a4 b4 20. Rae1 Rg8 21. Qf3 Qd7 22. Re4 Qd5 23. Re3 Qd7 24. Rfe1 Qd5 25. Qxd5 Rxd5 26. Re4 a5 27. Rc4 Rgd8 28. Ree4 Kg7 29. Kf3 Kg6 30. Re2 R8d7 31. g4 h6 32. h4 Rd8 33. h5+ Kg7 34. Rg2 R8d7 35. Re4 Rd8 36. Re3 R8d7 37. Ke2 Rd4 38. Re4 R4d5 39. Kf3 1/2-1/2

[Event "Klatovy op-B"]
[Site "Klatovy"]
[Date "2000.??.??"]
[Round "?"]
[White "Zednik, Zdenek"]
[Black "Priborsky, Marek"]
[Result "0-1"]
[WhiteElo "1810"]
[BlackElo "1670"]
[PlyCount "74"]
[EventDate "2000.??.??"]
[EventType "swiss"]
[EventRounds "9"]
[EventCountry "CZE"]
[SourceTitle "EXT 2003"]
[Source "ChessBase"]
[SourceDate "2002.11.25"]
[SourceVersion "1"]
[SourceVersionDate "2002.11.25"]
[SourceQuality "1"]

1. d4 Nf6 2. c4 g6 3. Nc3 Bg7 4. e4 0-0 5. Nf3 d6 6. Be2 Nbd7 7. 0-0 e5 8. Re1 exd4 9. Nxd4 Nc5 10. f3 a5 11. Be3 Re8 12. Qd2 Nfd7 13. Ndb5 Ne6 14. Rad1 Be5 15. f4 Bg7 16. f5 Nec5 17. f6 Bxf6 18. Nd5 Nxe4 19. Qc1 c6 20. Ndc7 cxb5 21. Nxa8 b6 22. Bg4 h5 23. Bxd7 Bxd7 24. Nxb6 Bg4 25. Rd3 Be5 26. Nd5 Qh4 27. Nf4 g5 28. g3 gxf4 29. gxh4 fxe3 30. Qxe3 Nc5 31. Qg5+ Kf8 32. Qh6+ Kg8 33. Qg5+ Kf8 34. Qd2 Re6 35. Ree3 Rg6 36. Rxe5 dxe5 37. Qf2 Bf5+ 0-1

[Event "Klatovy op-B"]
[Site "Klatovy"]
[Date "2000.??.??"]
[Round "?"]
[White "Zednik, Zdenek"]
[Black "Umanec, Filip"]
[Result "1-0"]
[WhiteElo "1810"]
[BlackElo "1660"]
[PlyCount "113"]
[EventDate "2000.??.??"]
[EventType "swiss"]
[EventRounds "9"]
[EventCountry "CZE"]
[SourceTitle "EXT 2003"]
[Source "ChessBase"]
[SourceDate "2002.11.25"]
[SourceVersion "1"]
[SourceVersionDate "2002.11.25"]
[SourceQuality "1"]

1. c4 e5 2. Nc3 Nc6 3. Nf3 d6 4. d4 exd4 5. Nxd4 Nxd4 6. Qxd4 Be6 7. e4 Nf6 8. Bg5 Be7 9. Be2 0-0 10. 0-0 Nd7 11. Bxe7 Qxe7 12. f4 f5 13. Rae1 Qf6 14. Nb5 Qd8 15. exf5 Bxf5 16. Qd5+ Kh8 17. Qxb7 a6 18. Nd4 Nc5 19. Qf3 Be4 20. Qc3 Qf6 21. Bf3 Bxf3 22. Rxf3 Na4 23. Qd2 c5 24. Ne6 Rfe8 25. Nc7 Rxe1+ 26. Qxe1 Rc8 27. b3 Nb6 28. Re3 h6 29. Ne6 d5 30. cxd5 Nxd5 31. Re5 Nxf4 32. Nxf4 Qxf4 33. Qe3 Qxe3+ 34. Rxe3 Rc6 35. Kf2 Kh7 36. Ke2 Kg6 37. Kd3 Rd6+ 38. Kc3 Kf5 39. Re2 Rd4 40. Rd2 Rxd2 41. Kxd2 Ke4 42. Kc3 Kd5 43. Kd3 g6 44. g3 h5 45. h4 Ke5 46. Kc4 Kf5 47. Kxc5 Kg4 48. b4 Kxg3 49. a4 Kxh4 50. b5 axb5 51. axb5 g5 52. b6 Kh3 53. b7 h4 54. b8Q g4 55. Kd4 g3 56. Ke3 Kg2 57. Qb2+ 1-0

[Event "Klatovy op-B"]
[Site "Klatovy"]
[Date "1998.??.??"]
[Round "?"]
[White "Kopp, Lubomir"]
[Black "Zednik, Zdenek"]
[Result "1-0"]
[WhiteElo "1705"]
[BlackElo "1845"]
[PlyCount "59"]
[EventDate "1998.??.??"]
[EventType "swiss"]
[EventRounds "9"]
[EventCountry "CZE"]
[SourceTitle "EXT 2000"]
[Source "ChessBase"]
[SourceDate "1999.11.16"]
[SourceVersion "1"]
[SourceVersionDate "1999.11.16"]
[SourceQuality "1"]

1. Nf3 Nf6 2. g3 g6 3. Bg2 d5 4. 0-0 Bg7 5. d3 0-0 6. c4 c6 7. Nbd2 Bg4 8. Ne5 Be6 9. Rb1 Nbd7 10. Nxd7 Qxd7 11. Qc2 Rfc8 12. Rd1 Bh3 13. Bh1 Qf5 14. e4 dxe4 15. dxe4 Qa5 16. b4 Qh5 17. Bf3 Bg4 18. Qd3 Rd8 19. Qe2 Bxf3 20. Nxf3 Nd7 21. Rb3 Ne5 22. Kg2 Nxf3 23. Rxd8+ Rxd8 24. Rxf3 Bd4 25. Bb2 Qe5 26. Rd3 Rd6 27. f4 Qg7 28. e5 Bxb2 29. exd6 exd6 30. Rxd6 1-0

[Event "Klatovy op-B"]
[Site "Klatovy"]
[Date "1998.??.??"]
[Round "?"]
[White "Zednik, Zdenek"]
[Black "Kunes, K."]
[Result "1-0"]
[WhiteElo "1845"]
[BlackElo "1675"]
[PlyCount "61"]
[EventDate "1998.??.??"]
[EventType "swiss"]
[EventRounds "9"]
[EventCountry "CZE"]
[SourceTitle "EXT 2000"]
[Source "ChessBase"]
[SourceDate "1999.11.16"]
[SourceVersion "1"]
[SourceVersionDate "1999.11.16"]
[SourceQuality "1"]

1. d4 d5 2. c4 e6 3. Nc3 Nf6 4. Bg5 Nbd7 5. e3 c6 6. Nf3 Qa5 7. Nd2 Bb4 8. Qc2 0-0 9. Bxf6 Nxf6 10. Bd3 Bd6 11. 0-0 Qc7 12. Nf3 a6 13. c5 Be7 14. Na4 g6 15. Nb6 Rb8 16. Ne5 Nd7 17. Nexd7 Bxd7 18. f4 Bf6 19. g4 h6 20. Rf3 Kg7 21. Kh1 Rbe8 22. g5 hxg5 23. fxg5 Bd8 24. Raf1 f5 25. gxf6+ Rxf6 26. Rxf6 Bxf6 27. Bxg6 Rh8 28. Qg2 Rh6 29. Be8+ Kf8 30. Rxf6+ Rxf6 31. Nxd7+ 1-0

[Event "Klatovy op-B"]
[Site "Klatovy"]
[Date "1998.??.??"]
[Round "?"]
[White "Zednik, Zdenek"]
[Black "Pech, Bretislav"]
[Result "0-1"]
[WhiteElo "1845"]
[BlackElo "1750"]
[PlyCount "90"]
[EventDate "1998.??.??"]
[EventType "swiss"]
[EventRounds "9"]
[EventCountry "CZE"]
[SourceTitle "EXT 2000"]
[Source "ChessBase"]
[SourceDate "1999.11.16"]
[SourceVersion "1"]
[SourceVersionDate "1999.11.16"]
[SourceQuality "1"]

1. e4 e5 2. Nf3 Nc6 3. Bb5 d6 4. c3 Bd7 5. 0-0 a6 6. Ba4 Nf6 7. Re1 Be7 8. d4 b5 9. Bb3 h6 10. Nbd2 0-0 11. Nf1 Nh7 12. Ne3 Ng5 13. Bd5 Rb8 14. Nf5 Bxf5 15. exf5 Nxf3+ 16. Qxf3 Na5 17. b4 Nc4 18. Bxc4 bxc4 19. dxe5 dxe5 20. Rxe5 Bf6 21. Rd5 Qe7 22. Bf4 Rxb4 23. Be3 Re8 24. cxb4 Bxa1 25. Qd1 Bc3 26. a3 Bb2 27. Kf1 Bxa3 28. Bc5 Qh4 29. h3 c3 30. Rd4 Re4 31. Rd3 Rc4 32. Qc2 a5 33. Rxc3 Rxc3 34. Qxc3 axb4 35. Qe3 Qc4+ 36. Kg1 Bc1 37. Qe5 Bf4 38. Qe8+ Kh7 39. g3 Qxc5 40. Qxf7 Qd6 41. gxf4 c5 42. Kg2 Qc6+ 43. Kg3 c4 44. Qe6 Qxe6 45. fxe6 Kg8 0-1